书目信息

书名: 怎样查改记帐错误 
作者: 刘大贤
出版信息: 北京   中国农业机械出版社  1982.03
开本页数: 19cm  102页
丛书名:
单 册:
中图分类: F
科图分类:
主题词: 会计检查--Kuai Ji Jian Cha , 经济
电子资源:
ISBN:
000 00623nam0 2200241 450
001 0000155082
005 20060222210639.31
010    @dCNY0.37
091    @a4216.005
100    @a19950629d1982 y0chiy0121 ea
101 @achi
102    @aCN@b110000
105    @ay z 000yy
200 @a怎样查改记帐错误@Azen yang cha gai ji zhang cuo wu@f刘大贤著
210    @a北京@c中国农业机械出版社@d1982.03
215    @a102页@d19cm
606 @a会计检查@AKuai Ji Jian Cha
606 @a经济
686    @aE983@2CNNJU
690    @aF@v3
701  0 @a刘大贤@Aliu da xian@4著
801    @aCN@bNiSoft@c20060222
905    @a10447@dF@e472
    
    怎样查改记帐错误/刘大贤著.-北京:中国农业机械出版社,1982.03
    102页;19cm
    
    
    ISBN :CNY0.37
    
相关链接 在五车中查询图书 在当当中查询图书 在豆瓣中查询图书


正题名:怎样查改记帐错误     索取号:F/472         预约/预借

序号 登录号 条形码 馆藏地/架位号 状态 备注
1 42216   200422168   海科密-1楼/12架5列2层/ [索取号:F/472] 在馆    
2 42217   200422177   海科密-1楼/12架4列6层/ [索取号:F/472] 在馆